00525nam a2200145 a 4500008004100000050001700041245007800058246004700136260003400183300001400217350000900231500008300240650003300323650002300356120416s2003 ||||||||||||||||| || u aS 539.J3 Lif10aLife, food and environment 2002cFaculty of Agriculture, Kyoto University aannual report of the faculty of Agriclture aKyotobKyoto Universityc2003 avi, 396p. a0.00 aAnnual report of the Graduate School/Faculty of Agriculture, Kyoto University. aAGRICULTURE--RESEARCH--JAPAN aAGRICULTURE--JAPAN